32 Random mRNA codons - Statistics

General Stats
  • This quiz has been taken 52 times
  • The average score is 11 of 32
Answer Stats
Codon Amino Acid % Correct
GAU Aspartic Acid
100%
GGA Glycine
100%
AUU Isoleucine
100%
CUU Leucine
100%
AAG Lysine
100%
AUG Methionine
100%
UUU Phenylalanine
100%
AGC Serine
100%
AGU Serine
100%
UCU Serine
100%
ACA Threonine
100%
GUG Valine
100%
AAA Lysine
67%
GCU Alanine
50%
CGA Arginine
50%
CGC Arginine
50%
CAG Glutamine
50%
CCC Proline
50%
UCA Serine
50%
UGA Stop (Opal)
50%
ACG Threonine
50%
ACC Threonine
50%
ACU Threonine
50%
GUA Valine
50%
GUC Valine
50%
GUU Valine
50%
GCG Alanine
33%
GAC Aspartic Acid
33%
GAA Glutamic Acid
33%
UGG Tryptophan
33%
UAC Tyrosine
33%
GCA Alanine
0%
GCC Alanine
0%
AGG Arginine
0%
AGA Arginine
0%
CGG Arginine
0%
CGU Arginine
0%
AAC Asparagine
0%
AAU Asparagine
0%
UGC Cysteine
0%
UGU Cysteine
0%
GAG Glutamic Acid
0%
CAA Glutamine
0%
GGG Glycine
0%
GGC Glycine
0%
GGU Glycine
0%
CAC Histidine
0%
CAU Histidine
0%
AUA Isoleucine
0%
AUC Isoleucine
0%
CUG Leucine
0%
CUA Leucine
0%
CUC Leucine
0%
UUG Leucine
0%
UUA Leucine
0%
UUC Phenylalanine
0%
CCG Proline
0%
CCA Proline
0%
CCU Proline
0%
UCG Serine
0%
UCC Serine
0%
UAG Stop (Amber)
0%
UAA Stop (Ochre)
0%
UAU Tyrosine
0%
No matching quizzes found
Score Distribution
Percent of People with Each Score
Percentile by Number Answered
Your Score History
You have not taken this quiz